Szczegóły MARC21

Spostrzeganie niepowodzeń szkolnych przez nauczycieli, uczniów i ich rodziców /

003 -Nazwa inst., której nr kontr. jest w polu 001 [,]
    • @
    • Nazwa instytucji, której n kontrolny jest w polu 001
    • NUKAT
005 -DATA I CZAS OSTATNIEJ MODYFIKACJI [,]
    • @
    • pole kontrolne
    • 20241231112502.0
020 -Międzynarod. znormalizowany nr książki - ISBN [ , ]
    • a
    • Numer ISBN
    • 9788377801987 Find
040 -Instytucja sporządzająca opis [ , ]
    • a
    • Instytucja, która sporządziła opis (NP)
    • KAT U/MP
    • c
    • Instytucja, która sporządziła rekord (NP)
    • KAT U/MP
    • d
    • Instytucja, która zmodyfikowała rekord (P)
    • KAT U/MP
    • d
    • Instytucja, która zmodyfikowała rekord (P)
    • WR U/ass
942 -Rodzaj dokumentu [ , ]
    • c
    • Rodzaj dokumentu
    • Książka
100 -Hasło główne - nazwa osobowa [1, ]
    • a
    • Nazwa osobowa (NP)
    • Kozieł, Beata
    • d
    • Daty biograficzne (NP)
    • ( -2012).
    • 9
    • KHW
    • 43686
245 -Strefa tytułu i oznaczenia odpowiedzialności [1,0]
    • a
    • Tytuł
    • Spostrzeganie niepowodzeń szkolnych przez nauczycieli, uczniów i ich rodziców / Find
    • c
    • Pozostałe elementy strefy tytułu i oznaczenia odpowiedzialności (NP)
    • Beata Kozieł.
260 -Strefa adresu wydawniczego [ , ]
    • a
    • Miejsce wydania (P)
    • Katowice :
    • b
    • Nazwa wydawcy (P)
    • Wydział Etnologii i Nauk o Edukacji Uniwersytetu Śląskiego ;
    • a
    • Miejsce wydania (P)
    • Toruń :
    • b
    • Nazwa wydawcy (P)
    • Wydawnictwo Adam Marszałek,
    • c
    • Data wydania (P)
    • cop. 2011.
300 -Strefa opisu fizycznego [ , ]
    • a
    • Określenie formy książki i/lub objętość (NP)
    • 386 s. :
    • b
    • Oznaczenie ilustracji (NP)
    • il. ;
    • c
    • Format (NP)
    • 23 cm.
336 -Typ zawartości [ , ]
    • a
    • Termin opisujący typ zawartości
    • Tekst
    • b
    • Kod określający zawartość
    • txt
    • 2
    • Źródło (terminu i kodu)
    • rdacontent
337 -Typ mediów [ , ]
    • a
    • Tryb odtwarzania
    • Bez urządzenia pośredniczącego
    • b
    • Kod typu mediów
    • n
    • 2
    • Źródło (terminu i kodu)
    • rdamedia
338 -Typ/rodzaj nośnika [ , ]
    • a
    • Hasło opisujące typ nośnika
    • Wolumin
    • b
    • Kod typu nośnika
    • nc
    • 2
    • Źródło (terminu i kodu)
    • rdacarrier
504 -Uwaga dot. bibliogr. załącznikowej [ , ]
    • a
    • Uwaga dot. bibliografii załącznikowej
    • Bibliogr. s. 332-380, webogr. s. 381.
536 -Uwaga dot. finansowania książki [ , ]
    • a
    • Tekst uwagi
    • Publikacja dofinansowana przez: Wydział Etnologii i Nauk o Edukacji Uniwersytetu Śląskiego oraz Zakład Pedagogiki Ogólnej Instytutu Nauk o Edukacji.
080 -Uniwersalna Klasyfikacja Dziesiętna [ , ]
    • 2
    • Identyfikator wydania tablic
    • UDC-P058
    • 9
    • UKD
    • 3867
    • a
    • Symbol klasyfikacji
    • 37.091.212
    • b
    • Dopowiedzenie
    • Uczniowie. Zasady doboru do różnych typów szkół. Kategorie uczniów. Dojrzałość szkolna. Limity przyjęć. Testy oceniające zdolności uczniów. Postępy i opóźnienia w nauce. Drugoroczność.
    • 4
    • UKD2
    • 7642
    • x
    • Poddział wspólny
    • (438)
    • c
    • Dopowiedzenie poddz. wspólnego
    • (Polska).
080 -Uniwersalna Klasyfikacja Dziesiętna [ , ]
    • 2
    • Identyfikator wydania tablic
    • UDC-P058
    • 9
    • UKD
    • 3866
    • a
    • Symbol klasyfikacji
    • 37.091.2-057.16
    • b
    • Dopowiedzenie
    • Nauczyciele. Wychowawcy. Status zawodowy nauczyciela. Rozwój zawodowy. Awans zawodowy nauczyciela.
    • 4
    • UKD2
    • 7642
    • x
    • Poddział wspólny
    • (438)
    • c
    • Dopowiedzenie poddz. wspólnego
    • (Polska).
080 -Uniwersalna Klasyfikacja Dziesiętna [ , ]
    • 2
    • Identyfikator wydania tablic
    • UDC-P058
    • 9
    • UKD
    • 2836
    • a
    • Symbol klasyfikacji
    • 316.811/.815
    • b
    • Dopowiedzenie
    • Małżeństwo i rodzina. Rodzaje małżeństw i związków. Małżeństwa międzyetniczne. Małżeństwa międzywyznaniowe. Związki homoseksualne. Relacje w rodzinie. Wdowieństwo. Rozwód. Separacja.
    • 4
    • UKD2
    • 7642
    • x
    • Poddział wspólny
    • (438)
    • c
    • Dopowiedzenie poddz. wspólnego
    • (Polska).
080 -Uniwersalna Klasyfikacja Dziesiętna [ , ]
    • 2
    • Identyfikator wydania tablic
    • UDC-P058
    • 9
    • UKD
    • 2801
    • a
    • Symbol klasyfikacji
    • 316.346.3-053.6
    • b
    • Dopowiedzenie
    • Socjologia młodzieży.
    • 4
    • UKD2
    • 7642
    • x
    • Poddział wspólny
    • (438)
    • c
    • Dopowiedzenie poddz. wspólnego
    • (Polska).
650 -Hasło przedmiotowe [ ,7]
    • a
    • Hasło przedmiotowe
    • Niepowodzenie szkolne
    • x
    • Określnik rzeczowy
    • aspekt psychologiczny.
    • 2
    • Źródło terminu
    • kaba
    • 9
    • KHW
    • 368738
650 -Hasło przedmiotowe [ ,7]
    • a
    • Hasło przedmiotowe
    • Niepowodzenie szkolne
    • x
    • Określnik rzeczowy
    • aspekt społeczny.
    • 2
    • Źródło terminu
    • kaba
    • 9
    • KHW
    • 368740
650 -Hasło przedmiotowe [ ,7]
    • a
    • Hasło przedmiotowe
    • Niepowodzenie szkolne
    • x
    • Określnik rzeczowy
    • zapobieganie.
    • 2
    • Źródło terminu
    • kaba
    • 9
    • KHW
    • 368739
650 -Hasło przedmiotowe [ ,7]
    • a
    • Hasło przedmiotowe
    • Niepowodzenie szkolne
    • z
    • Określnik geograficzny
    • Polska
    • y
    • Określnik chronologiczny
    • 1990-.
    • 2
    • Źródło terminu
    • kaba
    • 9
    • KHW
    • 372794
980 -Symbol UKD [ , ]
    • a
    • UKD
    • 37.091.212:37.091.2-057.16:316.811/.815:316.346.3-053.6](438)
710 -Hasło dodatkowe - nazwa ciała zbiorowego [2, ]
    • a
    • Nazwa ciała zbiorowego lub nazwa geograficzna jako pierwszy element (NP)
    • Wydawnictwo Adam Marszałek.
    • 4
    • Kod relacji
    • pbl
    • 9
    • KHW
    • 53600
920 -ISBN [ , ]
    • a
    • ISBN
    • 978-83-7780-198-7 Find
Data inwentaryzacji Lokalizacja Status udost. Numer inwentarzowy
2012-06-19BG1Z.116077